| 000 | 00914 a2200241 4500 | ||
|---|---|---|---|
| 003 | NUST | ||
| 005 | 20221128155948.0 | ||
| 010 | _a 2004044467 | ||
| 020 | _a9814053848 | ||
| 040 | _cNust | ||
| 082 | 0 | 0 | _a530.8,BEN |
| 100 | 1 |
_aBentley, John P., _939823 |
|
| 245 | 1 | 0 |
_aPrinciples of measurement systems / _cJohn P. Bentley. |
| 250 | _a3rd ed. | ||
| 260 |
_aNew York : _bPearson Prentice Hall, _c2000. |
||
| 300 | _a468p.: | ||
| 505 | _aThe General Measurement Systems (Page-3), Typical Measurement Sys Elements (Page-135), Specialized Measurement Systems (Page-275), Optical Measurement Sys (Page-343), Ultrasonic Measurement Systems (Page-384), Gas Chromatography (Page-417), Data Acquisition And Comm. Systems (Page-431). | ||
| 650 | 0 | _aAutomatic control. | |
| 650 | 0 | _aEngineering instruments. | |
| 650 | 0 | _aPhysical instruments. | |
| 650 | 0 | _aPhysical measurements. | |
| 942 |
_2ddc _cBK _k530.8,BEN |
||
| 999 |
_c180886 _d180886 |
||